<?xml version="1.0" encoding="UTF-8"?>
<record
    xmlns:xsi="http://www.w3.org/2001/XMLSchema-instance"
    xsi:schemaLocation="http://www.loc.gov/MARC21/slim http://www.loc.gov/standards/marcxml/schema/MARC21slim.xsd"
    xmlns="http://www.loc.gov/MARC21/slim">

  <leader>02068cab a2200301Ia 45 0</leader>
  <controlfield tag="001">u205389</controlfield>
  <controlfield tag="003">SIRSI</controlfield>
  <controlfield tag="008">131001s2003    ua     ss b         eng d</controlfield>
  <datafield tag="040" ind1=" " ind2=" ">
    <subfield code="a">EAL</subfield>
  </datafield>
  <datafield tag="041" ind1=" " ind2=" ">
    <subfield code="a">eng</subfield>
    <subfield code="b">ara</subfield>
  </datafield>
  <datafield tag="090" ind1=" " ind2=" ">
    <subfield code="a">ART MUJAS V28 NO4 45</subfield>
  </datafield>
  <datafield tag="100" ind1="1" ind2=" ">
    <subfield code="a">Ghallab, A.M.</subfield>
  </datafield>
  <datafield tag="240" ind1="1" ind2="0">
    <subfield code="a">Mansoura university journal of agricultural sciences, 2003 v. 28 (4)</subfield>
    <subfield code="h">[electronic resource].</subfield>
  </datafield>
  <datafield tag="245" ind1="1" ind2="0">
    <subfield code="a">Reinforcing salt tolerance of marjoram plants by foliar application of putrescine</subfield>
    <subfield code="h">[electronic resource].</subfield>
  </datafield>
  <datafield tag="246" ind1="1" ind2="5">
    <subfield code="a">&#x632;&#x64A;&#x627;&#x62F;&#x629; &#x62A;&#x62D;&#x645;&#x644; &#x646;&#x628;&#x627;&#x62A;&#x627;&#x62A; &#x627;&#x644;&#x628;&#x631;&#x62F;&#x642;&#x648;&#x634; &#x644;&#x644;&#x645;&#x644;&#x648;&#x62D;&#x629; &#x628;&#x627;&#x633;&#x62A;&#x62E;&#x62F;&#x627;&#x645; &#x627;&#x644;&#x631;&#x634; &#x628;&#x627;&#x644;&#x628;&#x62A;&#x631;&#x648;&#x633;&#x64A;&#x646;.&#x202A;&#x202A;</subfield>
  </datafield>
  <datafield tag="300" ind1=" " ind2=" ">
    <subfield code="a">p.2987-3004</subfield>
  </datafield>
  <datafield tag="504" ind1=" " ind2=" ">
    <subfield code="a">Includes references.</subfield>
  </datafield>
  <datafield tag="520" ind1=" " ind2=" ">
    <subfield code="a">The aim of the present work was to study the effectiveness foliar application of putrescine [0.0, 10, 15 and 20 f.lM] in improving the salinity tolerance of marjoram plants. Marjoram plants grown under different levels of salinity [0.0, 10, 25 and 40% of sea water]. For this reason two pot experiments were conducted during 2001 and 2002 seasons. The obtained results clearly confirmed the absolute superiority of foliar application of 10 1..1 M putrescine treatment, which significantly increased plant height, number of branches/plant, herb fresh and dry weight /plant, essential oil percentage [ml/100 g F.W] and oil yield [ml/plant] under norm~l or saline conditions up to 25% sea water. The data also revealed that tolerance, which was much pronounced as a result of foliar application of 10 llM treatment, was more negative osmotic potentials (Osmotic Adjustment) through the accumolation of much more quantities of inorganic osmotica,</subfield>
  </datafield>
  <datafield tag="546" ind1=" " ind2=" ">
    <subfield code="a">Summary in Arabic.</subfield>
  </datafield>
  <datafield tag="650" ind1=" " ind2="0">
    <subfield code="a">Medicinal plants.</subfield>
  </datafield>
  <datafield tag="650" ind1=" " ind2="0">
    <subfield code="a">Aromatic plants</subfield>
    <subfield code="x">Fertilizers.</subfield>
  </datafield>
  <datafield tag="650" ind1=" " ind2="0">
    <subfield code="a">Putrescine.</subfield>
  </datafield>
  <datafield tag="650" ind1=" " ind2="3">
    <subfield code="a">marjoram.</subfield>
  </datafield>
  <datafield tag="700" ind1="1" ind2=" ">
    <subfield code="a">EI-Ghadban, E.A.E.</subfield>
  </datafield>
  <datafield tag="773" ind1="0" ind2=" ">
    <subfield code="t">Mansoura University Journal of Agricultural Sciences. </subfield>
    <subfield code="g">2003.v.28(4)</subfield>
    <subfield code="x">1110-0346</subfield>
    <subfield code="7">nnas</subfield>
    <subfield code="w">u182197</subfield>
  </datafield>
  <datafield tag="856" ind1="4" ind2="0">
    <subfield code="u">http://nile.enal.sci.eg/EALE/2003/MUJAS/2803/4/2987.pdf</subfield>
    <subfield code="z">Full Text Article.</subfield>
  </datafield>
  <datafield tag="596" ind1=" " ind2=" ">
    <subfield code="a">1</subfield>
  </datafield>
  <datafield tag="942" ind1=" " ind2=" ">
    <subfield code="c">AR</subfield>
    <subfield code="2">lcc</subfield>
  </datafield>
  <datafield tag="999" ind1=" " ind2=" ">
    <subfield code="c">56187</subfield>
    <subfield code="d">56187</subfield>
  </datafield>
</record>
